000 00425nam a2200145Ia 4500
008 100122s9999 xx 000 0 und d
082 _b43693
_a954.02
100 _aजोग ब ना
245 _aटिपू सुलतान
260 _bआदित्य प्रकाशन
_c1990
300 _a146
630 _aटिपू सुलतान
730 _aटिपू सुलतान
942 _cBOOK
999 _c423706
_d423703